000 00904nam a22002297a 4500
003 UA-OsUOA
001 32359
007 ta
008 20050201b un ||||| |||| 00| 0 ukr d
090 _a94(477).042
_bБ73
942 _cBK
040 _aUA-OsUOA
_bukr
_cUA-OsUOA
_dUA-OsUOA
245 _aБогдан Хмельницький - славний син і видатний гетьман України
_bМатеріали доповідей і повідомлень Рівненської міжрегіональної науково-практичної конференції з нагоди 400-річчя від дня народження Б. Хмельницького
_cУпоряд. В. Д.Гайбонюк
300 _a130 с.
955 _a0
041 _aukr
080 _a94(477).042
260 _aРівне
_bРДПІ
_c1995
044 _aUA
650 7 _2UDC
999 _c318801
_d318801